000
00315nam a22001337a 4500
008
171013b xxu||||| |||| 00| 0 eng d
020
_a
9780761924944
041
_a
eng
080
_a
316
100
_a
50
101
_a
SOC
245
_a
QUALITATIVE COMMUNICATION RESEARCH METHODS
_c
LINDLOF, TH.R
942
_2
udc
_c
BK
999
_c
33607
_d
33607